Pokémon - Les attaques de Airmure - Statistiques

Statistiques générales
  • Ce quiz a été pris 35 fois
  • Le résultat moyen est 9 sur 15
Statistiques - réponses
Niveaux Types Noms des attaques % Correct
Niveau 52 Vol Rapace
87%
Niveau 48 Acier Mur de Fer
78%
Départ Vol Picpic
78%
Niveau 28 Acier Ailes d'Acier
74%
Niveau 4 Sol Jet de Sable
74%
Niveau 12 Acier Griffe Acier
70%
Niveau 16 Psy Hâte
70%
Niveau 44 Sol Picots
70%
Niveau 20 Vol Cru-Ailes
57%
Départ Normal Groz'Yeux
57%
Niveau 36 Vol Bec Vrille
52%
Niveau 24 Normal Tranche
48%
Niveau 32 Acier Allègement
35%
Niveau 40 Acier Strido-Son
26%
Niveau 8 Normal Furie
17%
Aucun quiz correspondant
Distribution des résultats
% des personnes avec chaque résultat
Percentile par nombre de réponses
Votre historique - résultats
Vous n’avez pas pris ce quiz